00273nam a2200121Ia 4500008004100000100002000041245003600061260001200097260001100109260000900120300000700129650001500136160226s9999 xx 000 0 und d10aPerera,K.A.M.S. a Healths Benefits of Chocolates aColombo bIchemc c2015 a35 a Chocolate